Christmas Themed Set Quiz Stats

Quiz not verified by Sporcle

Challenge
Share
Tweet
Embed
Score 0/10 Timer 03:00
0 Plays Today
scramble - 1 answer % Correct
shardDasher
95.2%
D-cupCupid
95.2%
droneDonner
90.5%
upholdRudolph
90.5%
***THEME***Santa's reindeer
88.9%
craneDancer
88.9%
carperPrancer
88.9%
vineVixen
88.9%
tomeComet
88.9%
nibletBlitzen
88.9%

You're not logged in!

Compare scores with friends on all Sporcle quizzes.
Sign Up with Email
OR
Log In

You Might Also Like...

Show Comments

Extras

Top Quizzes Today


Score Distribution

Your Account Isn't Verified!

In order to create a playlist on Sporcle, you need to verify the email address you used during registration. Go to your Sporcle Settings to finish the process.

Report this User

Report this user for behavior that violates our Community Guidelines.

Details: